Corporate records retention /

Bibliographic Details
Main Author: Wheelan, Robert B.
Corporate Author: Controllership Foundation
Format: Book
Language:English
Published: New York : Controllership foundation, [1958-]60.
Series:Series VII, Internal developments--administration, procedures, operations ; no. 2-3.
Subjects:

MARC

Tag First Indicator Second Indicator Subfields
LEADER 00000cam a2200000 4500
001 in00000201813
005 20151009064813.0
008 730920s1958 nyu 00010 eng d
010 |a  58059647  
035 |a (OCoLC)00692034 
035 |9 AAY2859AM 
040 |c CSU  |d TXA  |d UtOrBLW 
049 |a TXAM  |v 1 [303923]  |v 2 [320769] 
082 0 |a 651.5 
090 |a KF1357.5  |b .W35 
100 1 |a Wheelan, Robert B. 
245 1 0 |a Corporate records retention /  |c Prepared for Controllership Foundation, inc., by Robert B. Wheelan. 
264 1 |a New York :  |b Controllership foundation,  |c [1958-]60. 
264 4 |c ©1958- 
300 |a 3 volumes ;  |c 29 cm. 
336 |a text  |b txt  |2 rdacontent 
337 |a unmediated  |b n  |2 rdamedia 
338 |a volume  |b nc  |2 rdacarrier 
490 1 |a Controllership Foundation. Series VII: [Internal developments - Admnistration, procedures, operations] ;  |v no. 2, 3 
505 0 |a v. 1. A guide to U. S. Federal requirements.- v. 2. A guide to Canadian Federal and Provincial requirements]- v. 3. A guide to requirements of State Governments of the U. S. 
650 0 |a Business records  |z United States. 
710 2 |a Controllership Foundation. 
830 0 |a Series VII, Internal developments--administration, procedures, operations ;  |v no. 2-3. 
999 |a MARS 
999 f f |s 2e7cae57-66dc-3de7-a3cb-b25a011e7da1  |i 50ca0b7c-8f74-392d-ad38-0400c17a4906  |t 0 
952 f f |p normal  |a Texas A&M University  |b College Station  |c Sterling C. Evans Library  |d Evans: Library Stacks  |t 0  |e KF1357.5 .W35  |h Library of Congress classification  |i unmediated -- volume  |k v.1  |m A14803167989 
952 f f |p normal  |a Texas A&M University  |b College Station  |c Sterling C. Evans Library  |d Evans: Library Stacks  |t 0  |e KF1357.5 .W35  |h Library of Congress classification  |i unmediated -- volume  |k v.2  |m A14828879878 
998 f f |a KF1357.5 .W35  |s v.1-v.2  |t 0  |l Evans: Library Stacks